Cooperación para el desarrollo. México Costa Rica
Uloženo v:
| Korporativní autor: | |
|---|---|
| Médium: | Text |
| Vydáno: |
San José:
Embajada de México en Costa Rica
|
| Tagy: |
Přidat tag
Žádné tagy, Buďte první, kdo vytvoří štítek k tomuto záznamu!
|
MARC
| LEADER | 00000 a a2200000 04500 | ||
|---|---|---|---|
| 001 | 24789 | ||
| 003 | |||
| 040 | |||
| 090 | |a 177400 | ||
| 110 | |a Embajada de México en Costa Rica | ||
| 245 | |a Cooperación para el desarrollo. México Costa Rica | ||
| 260 | |a San José: |b Embajada de México en Costa Rica | ||
| 300 | |a 150 p. | ||
| 999 | |c 12279 |d 12279 | ||
